Caperucita Roja.
Wedi'i Gadw mewn:
| Prif Awdur: | |
|---|---|
| Fformat: | Anhysbys |
| Cyhoeddwyd: |
Ciudad de México, México:
Fondo de Cultura Económica,
2013.
|
| Rhifyn: | Primera edición |
| Cyfres: | Colección Clásicos
|
| Pynciau: | |
| Tagiau: |
Ychwanegu Tag
Dim Tagiau, Byddwch y cyntaf i dagio'r cofnod hwn!
|
MARC
| LEADER | 00000 a2200000 4500 | ||
|---|---|---|---|
| 003 | CL-VaPUC | ||
| 005 | 20230616085757.0 | ||
| 008 | 230609t2013 ||||| |||| 00| 0 eng d | ||
| 999 | |c 441125 |d 441123 | ||
| 020 | |a 978-607-16-1653-1 | ||
| 040 | |c Pontificia Universidad Católica de Valparaíso | ||
| 082 | |a 808.068 SER 2013 | ||
| 100 | |a Serra, Adolfo |9 882905 |e autor | ||
| 245 | |a Caperucita Roja. | ||
| 250 | |a Primera edición | ||
| 260 | |a Ciudad de México, México: |b Fondo de Cultura Económica, |c 2013. | ||
| 300 | |a [34] páginas: |b ilustraciones. | ||
| 490 | |a Colección Clásicos | ||
| 583 | |k GC |c 20230609 | ||
| 650 | 0 | |a Literatura infantil |9 307465 | |
| 942 | |2 ddc |c BK | ||
| 952 | |0 0 |1 0 |2 ddc |4 0 |6 808_068000000000000_SER_2013 |7 0 |8 A |9 590430 |a BIBEDU |b BIBEDU |c GEN |d 2023-06-08 |e 3 |g 9288.00 |i 5657726 |l 1 |o 808.068 SER 2013 |p 5657726 |r 2024-03-06 |s 2024-03-06 |t 1 |v 9288.00 |w 2023-06-08 |y BK |k LIT | ||